The skillful teacher : on technique, trust, and responsiveness in the classroom /

"Energize your classrooms with these key techniques for college teachingStudents say the best teachers get them excited about learning, stretch their thinking, and keep them actively involved in class. But with increasingly diverse classrooms and constantly changing technology, each semester th...

Fuld beskrivelse

Bibliografiske detaljer
Hovedforfatter: Brookfield, Stephen
Format: Bog
Sprog:English
Udgivet: San Francisco, CA : Jossey-Bass, 2015.
Udgivelse:Third edition.
Serier:Jossey-bass higher and audlt education series
Fag:
Classic Catalogue: View this record in Classic Catalogue
LEADER 04433nam a2200373 i 4500
001 45002
003 BD-DhAAL
005 20251103100110.0
008 251030t2015 cau b 001 0 eng
010 |a  2014044441 
020 |a 9781118450291 
035 |a 18399822 
040 |a DLC  |b eng  |c DLC  |e rda  |d DLC  |d BD-DhAAL 
042 |a pcc 
050 0 0 |a LB2331  |b .B68 2015 
082 0 0 |a 378.125  |2 23 
100 1 |a Brookfield, Stephen.  |9 59772 
245 1 4 |a The skillful teacher :  |b on technique, trust, and responsiveness in the classroom /  |c Stephen D. Brookfield. 
250 |a Third edition. 
260 |a San Francisco, CA :  |b Jossey-Bass,  |c 2015. 
300 |a xxiii, 309 pages ;  |c 24 cm 
490 0 |a Jossey-bass higher and audlt education series 
504 |a Includes bibliographical references and index. 
505 8 |a Machine generated contents note: Preface v--xv Acknowledgments About the Author ii--iv 1 Experiencing Teaching 1--16 2 The Core Assumptions of Skillful Teaching 17--32 3 Understanding Our Classrooms 33--48 4 What Students Value in Teachers 49--64 5 Understanding and Responding to the Emotions of Learning 65--81 6 Lecturing Creatively 82--98 7 Using Discussion Methods 99--116 8 Teaching in Diverse Classrooms 117--132 9 Teaching About Racism 133--148 10 Using Play and Creativity 149--168 11 Teaching in Teams 169--184 12 Teaching Students to Think Critically 185--200 13 Teaching Online 201--218 14 Giving Helpful Evaluations 219--235 15 Helping Students Take Responsibility for Learning 236--251 16 Understanding Students' Resistance to Learning 252--267 17 Responding to Students' Resistance to Learning 268--283 18 Exercising Teacher Power Responsibly 284--299 19 Negotiating the Politics of Teaching 300--315 20 Staying Sane: 16 Maxims of Skillful Teaching 316--331 References 332--362 Index . 
520 |a "Energize your classrooms with these key techniques for college teachingStudents say the best teachers get them excited about learning, stretch their thinking, and keep them actively involved in class. But with increasingly diverse classrooms and constantly changing technology, each semester throws up new challenges for engaging students.Discover how to keep your teaching, and your students, energized with The Skillful Teacher, a practical guide to effective techniques, approaches, and methods for today's college classrooms. Providing insights, reflections, and advice from his four decades of college teaching, Stephen Brookfield now adapts his successful methods to teaching online, working with diverse student populations, and making classrooms truly inclusive. As well as being completely revised, updated, and rewritten, this edition adds six brand new chapters on: Teaching critical thinking Using play and creativity in the classroom Teaching in teams Helping students take responsibility for learning Teaching about racism Exercising teacher power responsibly Readers will delve into what learning feels like from a student's perspective, as well as absorb the wisdom of veteran college faculty with whom the author has worked. Themes from the bestselling previous editions remain, but are revisited and expanded with the perspective of an additional decade in the classroom. This authoritative guide is now even more comprehensive to better serve teachers looking to improve. Whether you are new to the classroom or are looking to rise to new challenges, The Skillful Teacher will provide answers, expand your repertoire of techniques, and invigorate your teaching and your classrooms"-- 
526 |a LTIC  |x Professor Md. Golam Samdani Fakir, PhD Director Learning and Teaching Innovation Center (LTIC) BRAC University  
541 |a Book Finder Intentional   |e 45002 
650 0 |a College teaching. 
650 7 |a EDUCATION / Teaching Methods & Materials / General.  |9 10195 
650 7 |a EDUCATION / Higher. 
852 |a Ayesha Abed Library  |c General Stacks 
942 |2 ddc  |c BK 
999 |c 47566  |d 47566 
952 |0 0  |1 0  |2 ddc  |4 0  |6 378_125000000000000_BRO  |7 0  |9 78407  |a BRACUL  |b BRACUL  |c NEW  |d 2025-10-27  |e Book Finder International   |g 3288.00  |l 0  |o 378.125 BRO  |p 3010045002  |r 2025-10-27  |t 1  |v 6576.00  |w 2025-10-27  |y BK  |x Requisitioned by Professor Md. Golam Samdani Fakir, PhD (Director, Learning and Teaching Innovation Center (LTIC), BRAC University) for the course named - "Enriching LTIC for curriculum development, assessment, ethics, faculty leadership, and global education, etc."